[Event "BCF-chT3E 2223 (4NCL)"]
[Site "England"]
[Date "2023.02.11"]
[Round "5.66"]
[White "Judkins, Brian"]
[Black "Sheerin, Alex"]
[Result "0-1"]
[WhiteElo "1793"]
[BlackElo "1946"]
[PlyCount "72"]
[EventDate "2022.11.05"]
[EventType "team-tourn"]
[EventRounds "11"]
[EventCountry "ENG"]
[SourceTitle "EXT 2024"]
[Source "ChessBase"]
[SourceDate "2023.10.10"]
[SourceVersion "1"]
[SourceVersionDate "2023.10.10"]
[SourceQuality "1"]
[WhiteTeam "Poisoned Pawns"]
[BlackTeam "Anglian Avengers"]
[WhiteTeamCountry "ENG"]
[BlackTeamCountry "ENG"]

1. e4 c5 2. Nf3 d6 3. d3 Nc6 4. g3 Nf6 5. Bg2 g6 6. 0-0 Bg7 7. c3 0-0 8. Re1 Rb8 9. a4 a6 10. Nbd2 Bd7 11. Qc2 b5 12. axb5 axb5 13. Nf1 Qb6 14. Ne3 e6 15. Bd2 Rfc8 16. b3 Ne8 17. Ra2 Ra8 18. Rea1 Qb7 19. Rxa8 Rxa8 20. Ra2 Ra6 21. h4 Qa7 22. Rxa6 Qxa6 23. Kh2 Qa3 24. Bc1 Qa1 25. Bd2 Nc7 26. Bf1 Na6 27. Be2 h5 28. Kg2 Kf8 29. Ng5 b4 30. c4 Nd4 31. Qd1 Qb2 32. Nf3 Nxb3 33. Qc2 Qxc2 34. Nxc2 Nxd2 35. Nxd2 Ba4 36. Bd1 Nb8 0-1

[Event "BCF-chT2a 1920 (4NCL)"]
[Site "Daventry"]
[Date "2020.02.08"]
[Round "5.36"]
[White "Sheerin, Alex"]
[Black "Rabbitt, Michael"]
[Result "1-0"]
[WhiteElo "1895"]
[BlackElo "1994"]
[PlyCount "57"]
[EventDate "2020.01.11"]
[EventType "team-tourn"]
[EventRounds "11"]
[EventCountry "ENG"]
[SourceTitle "CBM 194 Extra"]
[Source "ChessBase"]
[SourceDate "2020.03.31"]
[SourceVersion "1"]
[SourceVersionDate "2020.03.31"]
[SourceQuality "1"]
[WhiteTeam "Anglian Avengers"]
[BlackTeam "Check Innmates"]
[WhiteTeamCountry "ENG"]
[BlackTeamCountry "ENG"]

1. d4 d5 2. Bf4 Nf6 3. e3 g6 4. Nc3 c6 5. Bd3 Bg7 6. h4 0-0 7. h5 Nxh5 8. Rxh5 gxh5 9. Qxh5 f5 10. Nf3 Nd7 11. 0-0-0 Qe8 12. Qh2 e5 13. dxe5 Nc5 14. Rh1 Qg6 15. Be2 Ne6 16. Nh4 Qf7 17. Nxf5 h5 18. Nd6 Qe7 19. Qxh5 Rxf4 20. exf4 Nxf4 21. Qh7+ Kf8 22. Nxc8 Nxe2+ 23. Nxe2 Qxe5 24. Rh3 Rxc8 25. Rf3+ Bf6 26. Qh8+ Kf7 27. Qxc8 Qxe2 28. Qd7+ Kg8 29. Qg4+ 1-0

[Event "GBR-ch Major 106th"]
[Site "Torquay"]
[Date "2019.08.01"]
[Round "6"]
[White "Sheerin, Alex"]
[Black "Warren, Alexander"]
[Result "1/2-1/2"]
[WhiteElo "1845"]
[BlackElo "1967"]
[PlyCount "80"]
[EventDate "2019.07.27"]
[EventType "swiss"]
[EventRounds "9"]
[EventCountry "ENG"]
[SourceTitle "EXT 2020"]
[Source "ChessBase"]
[SourceDate "2019.10.17"]
[SourceVersion "1"]
[SourceVersionDate "2019.10.17"]
[SourceQuality "1"]

1. d4 Nf6 2. Nc3 d5 3. Bf4 g6 4. Qd2 Bf5 5. f3 h5 6. 0-0-0 Bg7 7. h4 a6 8. Nh3 c5 9. dxc5 Nc6 10. Nxd5 Nxd5 11. Qxd5 Qa5 12. Ng5 0-0 13. Bd2 Qb5 14. Qb3 Qxc5 15. e4 Nd4 16. Qc4 Qe5 17. Bc3 Qf4+ 18. Kb1 Be6 19. Nxe6 Nxe6 20. Bxg7 Kxg7 21. Qb4 Rfd8 22. Bc4 Qxh4 23. Bxe6 fxe6 24. Rdg1 Qf6 25. g4 Rd4 26. Qc5 b6 27. Qxb6 hxg4 28. Rxg4 Rad8 29. Rgg1 Qxf3 30. b3 Rd1+ 31. Rxd1 Rxd1+ 32. Rxd1 Qxd1+ 33. Kb2 Qd6 34. Qe3 Qe5+ 35. c3 g5 36. Kc2 g4 37. Kd3 Kg6 38. c4 Qd6+ 39. Kc3 Qe5+ 40. Kd3 Qd6+ 1/2-1/2

[Event "BCF-chT3S 1718 (4NCL) Demotion pool"]
[Site "England"]
[Date "2018.03.25"]
[Round "8.56"]
[White "Sheerin, Alex"]
[Black "Fowler, Caspian"]
[Result "1-0"]
[WhiteElo "1704"]
[BlackElo "1458"]
[PlyCount "53"]
[EventDate "2017.11.11"]
[EventType "team-tourn"]
[EventRounds "11"]
[EventCountry "ENG"]
[SourceTitle "EXT 2020"]
[Source "ChessBase"]
[SourceDate "2019.10.17"]
[SourceVersion "1"]
[SourceVersionDate "2019.10.17"]
[SourceQuality "1"]
[WhiteTeam "Anglian Avengers II"]
[BlackTeam "West is Best III"]
[WhiteTeamCountry "ENG"]
[BlackTeamCountry "WLS"]

1. d4 Nf6 2. Bf4 g6 3. Nc3 d5 4. e3 Bg7 5. h4 0-0 6. h5 Bg4 7. f3 Be6 8. hxg6 fxg6 9. g4 Nbd7 10. Qd2 Kh8 11. Bd3 Bf7 12. Qh2 c6 13. Bh6 Rg8 14. Bf4 Re8 15. Be5 Nf8 16. Nh3 Ne6 17. Nf4 Ng5 18. 0-0-0 Kg8 19. Rdf1 a6 20. Qh4 h6 21. Nxg6 Bxg6 22. Bxg6 Rf8 23. f4 Ne6 24. g5 Nh7 25. Bxg7 Nxg7 26. Qxh6 Kh8 27. Qxh7# 1-0

[Event "BCF-chT4S 1617 (4NCL)"]
[Site "England"]
[Date "2017.05.01"]
[Round "11.35"]
[White "O'Byrne, Daniel"]
[Black "Sheerin, Alex"]
[Result "0-1"]
[WhiteElo "1802"]
[BlackElo "1825"]
[PlyCount "50"]
[EventDate "2016.11.26"]
[EventType "team-swiss"]
[EventRounds "11"]
[EventCountry "ENG"]
[SourceTitle "EXT 2019"]
[Source "ChessBase"]
[SourceDate "2018.10.10"]
[SourceVersion "1"]
[SourceVersionDate "2018.10.10"]
[SourceQuality "1"]
[WhiteTeam "Brown Jack II"]
[BlackTeam "Anglian Avengers III"]
[WhiteTeamCountry "ENG"]
[BlackTeamCountry "ENG"]

1. d4 Nf6 2. Nf3 g6 3. e3 Bg7 4. Bd3 0-0 5. b3 d6 6. Bb2 Nc6 7. a3 Nd7 8. e4 e5 9. c3 Kh8 10. Qc2 Ne7 11. 0-0 f5 12. c4 f4 13. dxe5 dxe5 14. Rd1 Nc6 15. b4 Qf6 16. Nc3 Ne7 17. Bf1 g5 18. Nd5 Nxd5 19. Rxd5 c6 20. Bxe5 Nxe5 21. Rxe5 g4 22. Rh5 Qxa1 23. e5 Bf5 24. Rxf5 Rxf5 25. Qxf5 gxf3 0-1

[Event "BCF-chT4S 1617 (4NCL)"]
[Site "England"]
[Date "2017.03.19"]
[Round "8.75"]
[White "Langham, Rod E"]
[Black "Sheerin, Alex"]
[Result "1/2-1/2"]
[WhiteElo "1723"]
[BlackElo "1825"]
[PlyCount "51"]
[EventDate "2016.11.26"]
[EventType "team-swiss"]
[EventRounds "11"]
[EventCountry "ENG"]
[SourceTitle "EXT 2019"]
[Source "ChessBase"]
[SourceDate "2018.10.10"]
[SourceVersion "1"]
[SourceVersionDate "2018.10.10"]
[SourceQuality "1"]
[WhiteTeam "Oxford III"]
[BlackTeam "Anglian Avengers III"]
[WhiteTeamCountry "ENG"]
[BlackTeamCountry "ENG"]

1. d4 Nf6 2. Bf4 g6 3. e3 Bg7 4. Be2 0-0 5. Nf3 d6 6. h3 b6 7. 0-0 Bb7 8. Nbd2 Nbd7 9. c3 c5 10. Rc1 Re8 11. Qb3 Rc8 12. Bc4 d5 13. Be2 c4 14. Qc2 b5 15. a3 a5 16. Ra1 Qb6 17. Ne5 Nxe5 18. Bxe5 Nd7 19. Bxg7 Kxg7 20. Bf3 e5 21. dxe5 Nxe5 22. Be2 Rcd8 23. Nf3 Bc8 24. Nd4 Nc6 25. Rfe1 Nxd4 26. exd4 1/2-1/2

[Event "Dundee & Angus op"]
[Site "Dundee"]
[Date "2016.10.09"]
[Round "4"]
[White "Mitchell, Jeremy J"]
[Black "Sheerin, Alex"]
[Result "1-0"]
[WhiteElo "1831"]
[BlackElo "1681"]
[PlyCount "73"]
[EventDate "2016.10.07"]
[EventType "swiss"]
[EventRounds "5"]
[EventCountry "SCO"]
[SourceTitle "EXT 2023"]
[Source "ChessBase"]
[SourceDate "2022.10.05"]
[SourceVersion "1"]
[SourceVersionDate "2022.10.05"]
[SourceQuality "1"]

1. e4 c5 2. c3 d5 3. exd5 Qxd5 4. d4 Nc6 5. Nf3 Bg4 6. Be2 e6 7. Be3 Nf6 8. 0-0 Be7 9. dxc5 Qh5 10. b4 0-0 11. Nbd2 Nd5 12. Nd4 Bxe2 13. Qxe2 Qxe2 14. Nxe2 Rfd8 15. Nc4 a5 16. a3 axb4 17. cxb4 Bf6 18. Rad1 Ne5 19. Nxe5 Bxe5 20. Bc1 Nc7 21. Bf4 Bxf4 22. Nxf4 Nb5 23. Nd3 Nc3 24. Rd2 Rxa3 25. f3 Rb3 26. Nc1 Rxd2 27. Nxb3 Rb2 28. Ra1 Kf8 29. c6 bxc6 30. Nd4 Rxb4 31. Ra8+ Ke7 32. Nxc6+ Kf6 33. Nxb4 e5 34. Kf2 e4 35. Ra6+ Kf5 36. Ra5+ Kf6 37. Nd5+ 1-0

[Event "Dundee & Angus op"]
[Site "Dundee"]
[Date "2016.10.09"]
[Round "5"]
[White "Sheerin, Alex"]
[Black "Robertson, Jim"]
[Result "1-0"]
[WhiteElo "1524"]
[BlackElo "1681"]
[PlyCount "145"]
[EventDate "2016.10.07"]
[EventType "swiss"]
[EventRounds "5"]
[EventCountry "SCO"]
[SourceTitle "EXT 2023"]
[Source "ChessBase"]
[SourceDate "2022.10.05"]
[SourceVersion "1"]
[SourceVersionDate "2022.10.05"]
[SourceQuality "1"]

1. e4 c6 2. d4 d5 3. Nc3 dxe4 4. Nxe4 Bf5 5. Ng3 Bg6 6. h4 h6 7. h5 Bh7 8. Nf3 Nd7 9. Bd3 Bxd3 10. Qxd3 e6 11. Bd2 Ngf6 12. 0-0-0 Qc7 13. Kb1 0-0-0 14. c4 c5 15. Qc2 Bd6 16. Ne2 cxd4 17. Nexd4 a6 18. Nb3 Kb8 19. Ba5 b6 20. Bc3 e5 21. Qe2 Kb7 22. c5 bxc5 23. Na5+ Ka7 24. Nc4 Nb8 25. Ba5 Qe7 26. Bb6+ Kb7 27. Bxd8 Rxd8 28. Nxd6+ Rxd6 29. Rxd6 Qxd6 30. Rd1 Qe6 31. Qxe5 Qc6 32. Qe7+ Nbd7 33. Ne5 Qe4+ 34. Ka1 Qxe5 35. Rxd7+ Nxd7 36. Qxd7+ Qc7 37. Qd5+ Ka7 38. a3 Qe7 39. Qc4 Qe1+ 40. Ka2 Qe6 41. Qxe6 fxe6 42. Kb3 Kb6 43. Kc4 Kc6 44. f4 Kd6 45. b3 Kc6 46. g3 Kd6 47. b4 cxb4 48. Kxb4 Kc6 49. Kc4 Kd6 50. Kd4 Ke7 51. Kc5 Kf6 52. Kb6 Kf5 53. Kxa6 Kg4 54. Kb7 Kxg3 55. a4 Kxf4 56. a5 Kg5 57. a6 Kxh5 58. a7 g5 59. a8Q Kh4 60. Kb6 h5 61. Qh1+ Kg4 62. Qg2+ Kf4 63. Qh2+ Kg4 64. Qe2+ Kh4 65. Qxe6 g4 66. Qe1+ g3 67. Kc5 Kg4 68. Kd4 g2 69. Ke4 h4 70. Qf2 h3 71. Qf4+ Kh5 72. Qh2 Kg4 73. Ke3 1-0

[Event "Dundee & Angus op"]
[Site "Dundee"]
[Date "2016.10.08"]
[Round "3"]
[White "Sheerin, Alex"]
[Black "Ridge, Michael"]
[Result "1/2-1/2"]
[WhiteElo "1681"]
[BlackElo "1837"]
[PlyCount "77"]
[EventDate "2016.10.07"]
[EventType "swiss"]
[EventRounds "5"]
[EventCountry "SCO"]
[SourceTitle "EXT 2023"]
[Source "ChessBase"]
[SourceDate "2022.10.05"]
[SourceVersion "1"]
[SourceVersionDate "2022.10.05"]
[SourceQuality "1"]

1. e4 c5 2. Nf3 g6 3. d4 cxd4 4. Nxd4 Nc6 5. Be3 Nf6 6. Nc3 Bg7 7. Be2 0-0 8. 0-0 d5 9. exd5 Nb4 10. Qd2 Nbxd5 11. Nxd5 Nxd5 12. Rad1 Nxe3 13. Qxe3 Qb6 14. b3 e5 15. Nb5 Qxe3 16. fxe3 Bf5 17. c4 Bh6 18. Nd6 Bxe3+ 19. Kh1 Bc8 20. Bf3 Rb8 21. Bd5 Be6 22. Bxe6 fxe6 23. Rfe1 Bd4 24. Nb5 Rbd8 25. Nxd4 Rxd4 26. Kg1 Rf5 27. Rxd4 exd4 28. Rxe6 Kf7 29. Re4 d3 30. Rd4 Ke6 31. Rxd3 b5 32. cxb5 Rxb5 33. Kf2 a5 34. Rd4 h5 35. Ke3 Kf5 36. Kd3 Re5 37. Rc4 Rd5+ 38. Rd4 Rc5 39. Rc4 1/2-1/2

[Event "BCF-chT3 1415 (4NCL)"]
[Site "England"]
[Date "2015.03.22"]
[Round "8.4"]
[White "Livesey, R Nigel"]
[Black "Sheerin, Alex"]
[Result "1-0"]
[WhiteElo "1825"]
[BlackElo "1626"]
[PlyCount "63"]
[EventDate "2015.03.21"]
[EventType "team-swiss"]
[EventRounds "11"]
[EventCountry "ENG"]
[SourceTitle "EXT 2016"]
[Source "ChessBase"]
[SourceDate "2015.10.08"]
[SourceVersion "1"]
[SourceVersionDate "2015.10.08"]
[SourceQuality "1"]
[WhiteTeam "Manchester Manticores III"]
[BlackTeam "Anglian Avengers III"]
[WhiteTeamCountry "ENG"]
[BlackTeamCountry "ENG"]

1. c4 e5 2. g3 Nf6 3. Bg2 d5 4. cxd5 Nxd5 5. Nc3 Nb6 6. Nf3 Nc6 7. 0-0 Be7 8. d3 Be6 9. Be3 0-0 10. Ne4 f6 11. a3 Qd7 12. Rc1 Bh3 13. Nc5 Bxc5 14. Rxc5 Bxg2 15. Kxg2 Kh8 16. Qc2 Rae8 17. Rd1 Re6 18. b4 a6 19. d4 Rd6 20. Rd2 exd4 21. Bf4 Re6 22. Rh5 f5 23. Rxf5 Rxf5 24. Qxf5 Qe7 25. Ng5 Rg6 26. h4 Nc4 27. Qc8+ Qd8 28. Nf7+ Kg8 29. Nxd8 Ne7 30. Qxc7 Nxd2 31. Qxe7 Rf6 32. Ne6 1-0